000 00812nam a22002532 4500
001 0000021467
005 20151217155910.0
008 120523s xx 000 0 eng d
020 _a18972213026 :
040 _aKABU
_cKABU
100 1 _aBoge, Paul H.
_@0000182355
245 1 0 _aFather to the fatherless :
_bthe Charles Mulli story /
_cPaul H. Boge.
250 _a1st ed.
260 _aOntario :
_bBayRidge,
_c2005.
300 _a239 p.
600 1 0 _aMulli, Charles.
_@0000182356
610 2 0 _aMully Children's Family.
_@0000182357
650 0 _aOrphans, Services for
_zKenya.
_@0000182358
650 0 _aStreet children, Services for
_zKenya.
_@0000182359
651 0 _aKenya
_xBiography.
_@0000182360
908 _a120523
950 _@1
999 _c13835
_d13835